[Event "IMSA Basque w 2016"]
[Site "Huai'an CHN"]
[Date "2016.03.02"]
[Round "3.8"]
[White "Lagno, Kateryna"]
[Black "Krush, Irina"]
[Result "0-1"]
[WhiteTitle "GM"]
[BlackTitle "GM"]
[WhiteElo "2529"]
[BlackElo "2458"]
[WhiteFideId "14109336"]
[BlackFideId "2012782"]
[EventDate "2016.03.02"]

1. e4 c5 2. Nf3 Nc6 3. d4 cxd4 4. Nxd4 e5 5. Nb5 d6 6. c4 Be7 7. N1c3 a6 8. Na3
Be6 9. Nc2 Bg5 10. Ne3 Nge7 11. Bd3 Nd4 12. O-O O-O 13. Ne2 Nxe2+ 14. Qxe2 Nc6
15. Nc2 Bxc1 16. Raxc1 Qb6 17. Qd2 Rac8 18. Be2 Rfd8 19. Rfd1 h6 20. h3 a5 21.
b3 a4 22. b4 Ne7 23. Ne3 Nc6 24. Rb1 Nd4 25. Bf1 Qc6 26. Qd3 a3 27. Rbc1 Qa4 28.
Qb1 b5 29. cxb5 Nxb5 30. Bxb5 Qxb5 31. Rxc8 Rxc8 32. Rxd6 Qe2 33. Rxe6 Qb2 34.
Qd3 fxe6 35. Qd7 Rc1+ 36. Kh2 Qxf2 37. Qxe6+ Kh7 38. Nd5 Rc2 39. Qg4 Rxa2 40. h4
Qxg2+ 41. Qxg2 Rxg2+ 42. Kxg2 a2 43. b5 a1=Q 44. b6 Qb1 45. Kf3 Qd3+ 46. Ne3 Qb3 0-1

[Event "IMSA Basque w 2016"]
[Site "Huai'an CHN"]
[Date "2016.03.02"]
[Round "3.9"]
[White "Mkrtchian, Lilit"]
[Black "Khotenashvili, Bela"]
[Result "1-0"]
[WhiteTitle "IM"]
[BlackTitle "GM"]
[WhiteElo "2434"]
[BlackElo "2502"]
[WhiteFideId "13300601"]
[BlackFideId "13602640"]
[EventDate "2016.03.02"]

1. c4 g6 2. g3 Bg7 3. Bg2 c5 4. Nc3 Nc6 5. e3 e5 6. d3 Nge7 7. Qd2 d6 8. b3 Be6
9. Nd5 O-O 10. Bb2 Qd7 11. h4 Bxd5 12. cxd5 Nb4 13. e4 Qb5 14. Bf1 f5 15. h5
fxe4 16. dxe4 Qb6 17. Nh3 Rf6 18. Ng5 Raf8 19. hxg6 hxg6 20. Rh2 Bh6 21. Rxh6
Rxf2 22. Be2 c4 23. Bc3 Nc2+ 24. Kd1 Nxa1 25. Bxa1 Rf1+ 26. Kc2 cxb3+ 27. axb3
Rxa1 28. Kb2 Qa5 29. Qxa5 Rxa5 30. Rh2 b5 31. Bg4 b4 32. Be6+ Kg7 33. Rh7+ Kf6
34. Nf7 Ra6 35. Nh6 Nc8 36. Rc7 Nb6 37. Nf7 Na8 38. Rb7 Re8 39. g4 g5 40. Nh6
Rh8 41. Ng8+ Kg6 42. Bf5# 1-0

[Event "IMSA Basque w 2016"]
[Site "Huai'an CHN"]
[Date "2016.03.02"]
[Round "3.10"]
[White "Khotenashvili, Bela"]
[Black "Mkrtchian, Lilit"]
[Result "0-1"]
[WhiteTitle "GM"]
[BlackTitle "IM"]
[WhiteElo "2502"]
[BlackElo "2434"]
[WhiteFideId "13602640"]
[BlackFideId "13300601"]
[EventDate "2016.03.02"]

1. d4 e6 2. Nf3 Nf6 3. Bf4 d5 4. e3 c5 5. c3 Nc6 6. Nbd2 Be7 7. Bd3 Nh5 8. Bg3
g6 9. Be5 Nxe5 10. Nxe5 Nf6 11. Bb5+ Kf8 12. Bd3 Kg7 13. O-O Bd6 14. f4 b6 15.
Qe2 Bb7 16. Ba6 Qc8 17. Bxb7 Qxb7 18. a4 a6 19. Ra2 Rac8 20. Qf3 Ne4 21. Nxe4
dxe4 22. Qe2 f6 23. Nc4 Be7 24. Nd2 f5 25. Raa1 cxd4 26. exd4 Bf6 27. Nc4 Rhd8
28. Ne3 Rd7 29. Ra3 Be7 30. Rb3 Bd6 31. Kh1 Ra8 32. a5 b5 33. c4 Rb8 34. d5 exd5
35. Nxd5 Qc6 36. Nb6 bxc4 37. Rc3 Rdb7 38. Rxc4 Qb5 39. Qd2 Be7 40. Rfc1 Rd8 41.
Rd4 Rxd4 42. Qxd4+ Bf6 43. Qd2 Qxb2 44. Rc2 Qd4 45. Qc1 Qa1 46. Qxa1 Bxa1 47.
Rc4 Bf6 48. Kg1 Bd8 49. Kf1 Rc7 50. Rd4 Bf6 51. Rd6 Rc1+ 52. Ke2 Rc2+ 53. Kf1 e3
54. Re6 Bd4 55. Nd5 Rf2+ 56. Ke1 Rxg2 57. Rxa6 Rxh2 58. Re6 Ra2 59. a6 h5 60.
Nc7 h4 61. Re7+ Kh6 62. Nb5 h3 0-1

[Event "IMSA Basque w 2016"]
[Site "Huai'an CHN"]
[Date "2016.03.02"]
[Round "3.11"]
[White "Zhao, Xue"]
[Black "Ju, Wenjun"]
[Result "1-0"]
[WhiteTitle "GM"]
[BlackTitle "GM"]
[WhiteElo "2506"]
[BlackElo "2558"]
[WhiteFideId "8601283"]
[BlackFideId "8603006"]
[EventDate "2016.03.02"]

1. d4 Nf6 2. c4 g6 3. Nc3 Bg7 4. e4 d6 5. Nf3 O-O 6. Be2 e5 7. O-O Nc6 8. d5 Ne7
9. Ne1 Nd7 10. Be3 f5 11. f3 f4 12. Bf2 g5 13. Rc1 Rf6 14. c5 Nxc5 15. b4 Na6
16. Nb5 Rh6 17. Nxa7 Bd7 18. Bxa6 bxa6 19. Qc2 Qe8 20. Qxc7 Qh5 21. h4 g4 22.
Qxd7 g3 23. Qxe7 Rg6 24. Rc8+ Rxc8 25. Nxc8 Bf6 26. Qe8+ Kg7 27. Qd7+ Kh8 28.
Bb6 Qxh4 29. Qh3 Qg5 30. Nxd6 1-0

[Event "IMSA Basque w 2016"]
[Site "Huai'an CHN"]
[Date "2016.03.02"]
[Round "3.12"]
[White "Ju, Wenjun"]
[Black "Zhao, Xue"]
[Result "1-0"]
[WhiteTitle "GM"]
[BlackTitle "GM"]
[WhiteElo "2558"]
[BlackElo "2506"]
[WhiteFideId "8603006"]
[BlackFideId "8601283"]
[EventDate "2016.03.02"]

1. d4 Nf6 2. c4 e6 3. Nf3 b6 4. Nc3 Bb7 5. Bg5 h6 6. Bh4 g5 7. Bg3 Nh5 8. e3 d6
9. Bd3 Bg7 10. Qc2 Nc6 11. a3 Qd7 12. O-O-O O-O-O 13. c5 Kb8 14. cxd6 cxd6 15.
d5 Ne7 16. dxe6 fxe6 17. Bb5 Qc7 18. Nd4 Nxg3 19. Nxe6 Qc8 20. Nxd8 Bxg2 21.
Rhg1 Bf3 22. Nf7 Ne4 23. Nxd6 Nxd6 24. Rxd6 Qc5 25. Rd7 Bf6 26. Kb1 Rc8 27. Ba6
Bxc3 28. Bxc8 Nxc8 29. Qxc3 Qf5+ 30. Rd3 Be2 31. e4 Qxe4 32. Rg3 Bxd3+ 33. Rxd3
Qh1+ 34. Ka2 Qxh2 35. Rd7 1-0

[Event "IMSA Basque w 2016"]
[Site "Huai'an CHN"]
[Date "2016.03.02"]
[Round "3.13"]
[White "Gunina, Valentina"]
[Black "Socko, Monika"]
[Result "1-0"]
[WhiteTitle "GM"]
[BlackTitle "GM"]
[WhiteElo "2496"]
[BlackElo "2448"]
[WhiteFideId "4167570"]
[BlackFideId "1106619"]
[EventDate "2016.03.02"]

1. d4 Nf6 2. c4 g6 3. Nc3 Bg7 4. e4 d6 5. f3 O-O 6. Nge2 c5 7. Be3 cxd4 8. Nxd4
Nc6 9. Qd2 Nxd4 10. Bxd4 Be6 11. Be2 Qa5 12. b3 Rfc8 13. Rc1 a6 14. Qb2 Nh5 15.
Bxg7 Kxg7 16. O-O Qe5 17. Rf2 f6 18. g3 Rab8 19. Qd2 Qa5 20. g4 b5 21. gxh5 bxc4
22. bxc4 Bxc4 23. h6+ Kf8 24. Rc2 Bf7 25. Nd5 Qa3 26. Bc4 Rb1+ 27. Kg2 Rc5 28.
Bb3 Bxd5 29. Rxc5 Qxc5 30. Qxd5 Qxd5 31. Bxd5 Ke8 32. Rc2 Kd7 33. Bc6+ Ke6 34.
f4 f5 35. Re2 Rc1 36. Bd5+ Kf6 37. e5+ dxe5 38. Rxe5 Rc5 39. Re6+ Kf7 40. Bb3
Kf8 41. Rxa6 e5 42. fxe5 Rxe5 43. Ra7 Re2+ 44. Kg3 Re3+ 45. Kf4 Re4+ 46. Kg5
Rg4+ 47. Kf6 Ke8 48. Be6 Kd8 49. Rxh7 1-0

[Event "IMSA Basque w 2016"]
[Site "Huai'an CHN"]
[Date "2016.03.02"]
[Round "3.14"]
[White "Socko, Monika"]
[Black "Gunina, Valentina"]
[Result "0-1"]
[WhiteTitle "GM"]
[BlackTitle "GM"]
[WhiteElo "2448"]
[BlackElo "2496"]
[WhiteFideId "1106619"]
[BlackFideId "4167570"]
[EventDate "2016.03.02"]

1. d4 d5 2. c4 c6 3. cxd5 cxd5 4. Nc3 Nf6 5. Bf4 Nc6 6. e3 Bg4 7. Qb3 Na5 8.
Qa4+ Bd7 9. Qc2 e6 10. Bd3 Be7 11. Nf3 Nc6 12. a3 Rc8 13. h3 Nh5 14. Bh2 g6 15.
O-O O-O 16. Rac1 a6 17. Rfd1 f5 18. Qe2 Nf6 19. Ne5 Nxe5 20. Bxe5 Bc6 21. Qf3
Bd6 22. Qg3 Nh5 23. Qh2 f4 24. Be2 Bxe5 25. dxe5 fxe3 26. fxe3 Qg5 27. Bxh5
Qxe3+ 28. Kh1 gxh5 29. Re1 Qg5 30. Ne2 Rf2 31. Nd4 Qg6 32. Rc3 h4 33. Rf3 Rf8
34. Qg1 R2xf3 35. Nxf3 Rf4 36. Qb6 d4 37. Rg1 Qg3 38. Nh2 Bd5 39. Qc7 d3 40. Qc3
Rf2 41. Qc8+ Kg7 42. Qd7+ Rf7 43. Qc8 Qxh3 44. Qc3 Qg3 45. Qd4 Rf2 46. Qg4+ Kh8
47. Qxg3 hxg3 48. Ng4 Rf4 49. Rd1 Rxg4 50. Rxd3 h5 51. Kg1 h4 52. Rc3 Re4 53.
Kf1 Bc4+ 0-1

[Event "IMSA Basque w 2016"]
[Site "Huai'an CHN"]
[Date "2016.03.02"]
[Round "3.15"]
[White "Paehtz, Elisabeth"]
[Black "Ushenina, Anna"]
[Result "1-0"]
[WhiteTitle "IM"]
[BlackTitle "GM"]
[WhiteElo "2472"]
[BlackElo "2450"]
[WhiteFideId "4641833"]
[BlackFideId "14110911"]
[EventDate "2016.03.02"]

1. d4 d5 2. c4 c6 3. cxd5 cxd5 4. Nc3 Nf6 5. Nf3 Nc6 6. Bf4 e6 7. e3 Be7 8. Bd3
O-O 9. h3 Bd7 10. O-O Qa5 11. a3 Rfc8 12. Ne5 Be8 13. Qc2 h6 14. Qe2 a6 15. Rac1
Qd8 16. Bb1 Na5 17. Qd3 b5 18. Ng4 Nc4 19. Nxf6+ Bxf6 20. Qh7+ Kf8 21. e4 Bxd4
22. exd5 g5 23. Bg3 Bg7 24. dxe6 fxe6 25. Ne4 Bh5 26. f4 Qd4+ 27. Kh1 Ne3 28.
fxg5+ Ke7 29. gxh6 Nxf1 30. Rxf1 Be2 31. hxg7 Rg8 32. Qh4+ Kd7 33. Nf6+ Qxf6 34.
Rxf6 1-0

[Event "IMSA Basque w 2016"]
[Site "Huai'an CHN"]
[Date "2016.03.02"]
[Round "3.16"]
[White "Ushenina, Anna"]
[Black "Paehtz, Elisabeth"]
[Result "1-0"]
[WhiteTitle "GM"]
[BlackTitle "IM"]
[WhiteElo "2450"]
[BlackElo "2472"]
[WhiteFideId "14110911"]
[BlackFideId "4641833"]
[EventDate "2016.03.02"]

1. d4 e6 2. c4 Bb4+ 3. Nd2 Nf6 4. Nf3 O-O 5. a3 Be7 6. e4 d6 7. Bd3 Nfd7 8. O-O
e5 9. d5 a5 10. b3 Nc5 11. Bc2 Bg4 12. Rb1 Nba6 13. b4 axb4 14. axb4 Nd7 15. h3
Bh5 16. Re1 Bg5 17. g4 Bxd2 18. Nxd2 Bg6 19. Nf1 Qh4 20. Kg2 h6 21. Ng3 Nf6 22.
f3 Nh7 23. Be3 Nb8 24. Ra1 Nd7 25. c5 Qe7 26. c6 bxc6 27. dxc6 Rxa1 28. Qxa1
Ndf6 29. Qa5 h5 30. Rd1 hxg4 31. hxg4 Ne8 32. b5 Ng5 33. Qa7 Qf6 34. Rf1 d5 35.
Nf5 Bxf5 36. exf5 e4 37. fxe4 dxe4 38. Qd4 Qxd4 39. Bxd4 Nd6 40. b6 cxb6 41.
Bxb6 Rc8 42. Ba4 Nc4 43. Bc5 Ne5 44. Be3 Ngf3 45. Rc1 Nxg4 46. Bb6 Nf6 47. c7
Nh4+ 48. Kf1 Nxf5 49. Bc6 Ne7 50. Bb7 Re8 51. Rd1 Nc8 52. Bxc8 e3 53. Rd8 1-0

[Event "IMSA Basque w 2016"]
[Site "Huai'an CHN"]
[Date "2016.03.03"]
[Round "4.1"]
[White "Tan, Zhongyi"]
[Black "Kosteniuk, Alexandra"]
[Result "0-1"]
[WhiteTitle "WGM"]
[BlackTitle "GM"]
[WhiteElo "2504"]
[BlackElo "2554"]
[WhiteFideId "8603642"]
[BlackFideId "4128125"]
[EventDate "2016.03.02"]

1. d4 Nf6 2. c4 e6 3. g3 c5 4. d5 exd5 5. cxd5 d6 6. Nc3 g6 7. Bg2 Bg7 8. Nf3
O-O 9. O-O Na6 10. Nd2 Nc7 11. a4 b6 12. Re1 Ba6 13. Qc2 Re8 14. Rb1 Ng4 15. h3
Ne5 16. Rd1 b5 17. axb5 Nxb5 18. Nxb5 Bxb5 19. Ne4 h6 20. Nc3 Bd7 21. b3 Bf5 22.
e4 Bc8 23. Bb2 Rb8 24. Na4 g5 25. Bc3 Bd7 26. Nb2 Qf6 27. Kh1 g4 28. hxg4 Qg6
29. f3 h5 30. g5 h4 31. gxh4 Qh5 32. Qf2 Rxb3 33. Bxe5 Bxe5 34. Nc4 Bd4 35. Qg3
Rxe4 36. Rxb3 Rxh4+ 37. Bh3 Rxh3+ 38. Kg2 Rxg3+ 39. Kxg3 Qxg5+ 40. Kh2 Qh4+ 41.
Kg2 Qh3# 0-1

[Event "IMSA Basque w 2016"]
[Site "Huai'an CHN"]
[Date "2016.03.03"]
[Round "4.2"]
[White "Kosteniuk, Alexandra"]
[Black "Tan, Zhongyi"]
[Result "1/2-1/2"]
[WhiteTitle "GM"]
[BlackTitle "WGM"]
[WhiteElo "2554"]
[BlackElo "2504"]
[WhiteFideId "4128125"]
[BlackFideId "8603642"]
[EventDate "2016.03.02"]

1. e4 d6 2. d4 Nf6 3. Nc3 g6 4. Be3 a6 5. Nf3 Bg7 6. Qd2 b5 7. Bh6 O-O 8. Bd3
Nc6 9. Bxg7 Kxg7 10. e5 dxe5 11. dxe5 Ng4 12. O-O-O b4 13. Rhe1 Rb8 14. Na4 Qd5
15. b3 Ncxe5 16. Nxe5 Nxe5 17. Bf1 Qxd2+ 18. Rxd2 Nc6 19. Rd5 e6 20. Rc5 Bb7 21.
Bxa6 Ba8 22. f3 Rfd8 23. Bd3 Rd7 24. Nb2 Nd4 25. Nc4 Rd5 26. Rxd5 Bxd5 27. Kb2
Ra8 28. Ne3 Bb7 29. c3 bxc3+ 30. Kxc3 Nf5 31. Nxf5+ gxf5 32. a4 Kf6 33. Rc1 Bd5
34. Ra1 e5 35. a5 e4 36. fxe4 fxe4 37. Be2 Ke5 38. g3 c5 39. a6 Ra7 40. b4 cxb4+
41. Kxb4 Ra8 42. a7 Kd4 43. Kb5 Ke3 44. Bf1 Kf2 45. Kc5 Be6 46. Bb5 e3 47. Rf1+
Kg2 48. Ra1 Kf2 49. Rf1+ Kg2 50. Ra1 Kf2 1/2-1/2

[Event "IMSA Basque w 2016"]
[Site "Huai'an CHN"]
[Date "2016.03.03"]
[Round "4.3"]
[White "Mkrtchian, Lilit"]
[Black "Gunina, Valentina"]
[Result "1-0"]
[WhiteTitle "IM"]
[BlackTitle "GM"]
[WhiteElo "2434"]
[BlackElo "2496"]
[WhiteFideId "13300601"]
[BlackFideId "4167570"]
[EventDate "2016.03.02"]

1. c4 c6 2. Nf3 d5 3. e3 Nf6 4. Nc3 e6 5. b3 Nbd7 6. Bb2 Bd6 7. d4 O-O 8. Bd3
Qe7 9. Qc2 e5 10. cxd5 cxd5 11. dxe5 Nxe5 12. Nxe5 Bxe5 13. Ne2 Bg4 14. Bxe5
Qxe5 15. Qc3 Qg5 16. O-O Ne4 17. Qd4 Bxe2 18. Bxe2 a6 19. Rac1 Rac8 20. Bf3 Qf5
21. Rfd1 Nf6 22. h3 Rc6 23. Rxc6 bxc6 24. Rc1 h5 25. Qb6 g5 26. Rxc6 Nd7 27. Qd4
Ne5 28. Rxa6 Rc8 29. Qxd5 g4 30. Qe4 Rc1+ 31. Kh2 Nxf3+ 32. gxf3 g3+ 33. Kg2
gxf2 34. Ra8+ Kg7 35. Qd4+ Qf6 36. Qxf6+ Kxf6 37. Kxf2 Kg5 38. Ra4 h4 39. f4+
Kf5 40. Ra5+ Ke4 41. Re5+ Kd3 42. a4 f6 43. Rd5+ Ke4 44. Rd4+ Kf5 45. a5 Rb1 46.
Rb4 Ra1 47. Ra4 1-0

[Event "IMSA Basque w 2016"]
[Site "Huai'an CHN"]
[Date "2016.03.03"]
[Round "4.4"]
[White "Gunina, Valentina"]
[Black "Mkrtchian, Lilit"]
[Result "1-0"]
[WhiteTitle "GM"]
[BlackTitle "IM"]
[WhiteElo "2496"]
[BlackElo "2434"]
[WhiteFideId "4167570"]
[BlackFideId "13300601"]
[EventDate "2016.03.02"]

1. d4 Nf6 2. c4 e6 3. Nf3 b6 4. g3 Ba6 5. b3 Bb4+ 6. Bd2 Be7 7. Bg2 d5 8. Nc3
O-O 9. O-O Bb7 10. cxd5 exd5 11. Rc1 Re8 12. Ne5 Na6 13. Nb5 c5 14. a4 h6 15.
Bf4 Bf8 16. Nd3 Ne4 17. Qc2 Qe7 18. Rfe1 Red8 19. Qb2 Bc6 20. Ne5 Be8 21. Red1
Qe6 22. Nd3 Qf6 23. Nc7 Nxc7 24. Bxc7 Rdc8 25. Be5 Qe7 26. Nf4 cxd4 27. Qxd4
Rxc1 28. Rxc1 Qa3 29. Ra1 Qxb3 30. Qxd5 1-0

[Event "IMSA Basque w 2016"]
[Site "Huai'an CHN"]
[Date "2016.03.03"]
[Round "4.5"]
[White "Dzagnidze, Nana"]
[Black "Krush, Irina"]
[Result "1/2-1/2"]
[WhiteTitle "GM"]
[BlackTitle "GM"]
[WhiteElo "2529"]
[BlackElo "2458"]
[WhiteFideId "13601903"]
[BlackFideId "2012782"]
[EventDate "2016.03.02"]

1. d4 Nf6 2. c4 e6 3. Nf3 b6 4. g3 Bb7 5. Bg2 Bb4+ 6. Bd2 Bxd2+ 7. Qxd2 O-O 8.
O-O d6 9. Nc3 Ne4 10. Nxe4 Bxe4 11. Qf4 f5 12. c5 Nc6 13. Rfd1 Qe7 14. Rac1 Nb4
15. Qd2 Nd5 16. Ne1 Bxg2 17. Nxg2 bxc5 18. dxc5 Rab8 19. b3 Rb5 20. Ne3 Nxe3 21.
Qxe3 f4 22. gxf4 Rxc5 23. Rxc5 dxc5 24. Rc1 Qd6 25. Rxc5 Rxf4 26. f3 Rh4 27. Qe5
Qd1+ 28. Kg2 Rh6 29. Rc4 Rg6+ 30. Rg4 Rxg4+ 31. fxg4 Qd7 32. h3 Qc6+ 33. Kg3 h6
34. Qd4 a6 35. Qe5 Kf7 36. Kf2 Qc2 37. b4 Qxa2 38. Qxc7+ Kg8 39. Qc8+ Kh7 40.
Qc6 Qa3 41. Qxe6 Qxb4 42. Qxa6 Qf4+ 43. Kg2 Qe4+ 44. Kg3 Qe3+ 45. Kg2 Qe4+ 46.
Kf2 Qf4+ 1/2-1/2

[Event "IMSA Basque w 2016"]
[Site "Huai'an CHN"]
[Date "2016.03.03"]
[Round "4.6"]
[White "Krush, Irina"]
[Black "Dzagnidze, Nana"]
[Result "0-1"]
[WhiteTitle "GM"]
[BlackTitle "GM"]
[WhiteElo "2458"]
[BlackElo "2529"]
[WhiteFideId "2012782"]
[BlackFideId "13601903"]
[EventDate "2016.03.02"]

1. d4 Nf6 2. c4 e6 3. Nc3 Bb4 4. e3 O-O 5. Bd3 c5 6. Nf3 Nc6 7. O-O d6 8. d5
Bxc3 9. bxc3 Ne7 10. e4 Ng6 11. h3 e5 12. Nh2 h6 13. Re1 Nh7 14. Qh5 Bd7 15. Ng4
Nf6 16. Nxf6+ Qxf6 17. g3 Rae8 18. h4 Qd8 19. Qf3 Qc8 20. h5 Nh8 21. a4 f5 22.
exf5 Bxf5 23. Bxf5 Rxf5 24. Qg4 Nf7 25. Re4 Rf8 26. Be3 Ng5 27. Bxg5 hxg5 28.
Ra2 Qd8 29. a5 Rf3 30. Qe6+ R8f7 31. Rb2 Rf6 32. Qg4 Qxa5 33. Qc8+ Kh7 34. Rxb7
Qa1+ 35. Kg2 Rxf2+ 36. Kh3 Qh1+ 37. Kg4 Qxe4+ 0-1

[Event "IMSA Basque w 2016"]
[Site "Huai'an CHN"]
[Date "2016.03.03"]
[Round "4.7"]
[White "Huang, Qian"]
[Black "Harika, Dronavalli"]
[Result "1-0"]
[WhiteTitle "WGM"]
[BlackTitle "GM"]
[WhiteElo "2450"]
[BlackElo "2511"]
[WhiteFideId "8602689"]
[BlackFideId "5015197"]
[EventDate "2016.03.02"]

1. c4 d6 2. Nf3 g6 3. d4 Bg7 4. g3 Nf6 5. Bg2 O-O 6. O-O Nbd7 7. Nc3 e5 8. e4
exd4 9. Nxd4 Nc5 10. h3 Re8 11. Re1 Bd7 12. Bf4 h6 13. Qc2 Nfxe4 14. Nxe4 Bxd4
15. Rad1 Nxe4 16. Rxd4 Ng5 17. Rxe8+ Qxe8 18. Bxg5 hxg5 19. Bxb7 Qe1+ 20. Kg2
Re8 21. Bf3 Qe6 22. g4 Qf6 23. Rd1 Re5 24. Qc3 Kg7 25. b4 Be6 26. a3 Qf4 27. c5
d5 28. c6 a6 29. a4 Qf6 30. Qd4 Qf4 31. Qc3 Qf6 32. Qd3 Qf4 33. b5 axb5 34. axb5
Qb4 35. Rb1 Qc5 36. Rb2 d4 37. Rd2 Qxb5 38. Qxd4 Qc5 39. Qb2 Qb5 40. Qd4 Qc5 41.
Qd8 Qb6 42. Qe7 Qc5 43. Qxc7 Qc3 44. Qd6 Rc5 45. Rd1 Rc4 46. Rd3 Qc2 47. Qe5+ f6
48. Qc7+ Kh6 49. Rd8 1-0

[Event "IMSA Basque w 2016"]
[Site "Huai'an CHN"]
[Date "2016.03.03"]
[Round "4.8"]
[White "Harika, Dronavalli"]
[Black "Huang, Qian"]
[Result "1-0"]
[WhiteTitle "GM"]
[BlackTitle "WGM"]
[WhiteElo "2511"]
[BlackElo "2450"]
[WhiteFideId "5015197"]
[BlackFideId "8602689"]
[EventDate "2016.03.02"]

1. c4 c6 2. Nf3 d5 3. e3 Nf6 4. Nc3 g6 5. d4 Bg7 6. Be2 O-O 7. O-O a6 8. a4 a5
9. Qb3 e6 10. Rd1 Nbd7 11. Qc2 b6 12. e4 dxe4 13. Nxe4 Nxe4 14. Qxe4 Bb7 15. Bg5
Qc8 16. Qh4 Re8 17. Bh6 Bh8 18. Be3 Bg7 19. Ng5 Nf6 20. c5 h6 21. Ne4 Nxe4 22.
Qxe4 e5 23. dxe5 Rxe5 24. Qc2 bxc5 25. Bxc5 Qf5 26. Bd3 Qg5 27. Rac1 Rae8 28.
Bf1 Qf5 29. Qxf5 Rxf5 30. b3 Bc8 31. Be3 Be6 32. Bc4 Bxc4 33. Rxc4 Rb8 34. Rd3
Rd5 35. Rxd5 cxd5 36. Rc5 Rxb3 37. Kf1 d4 38. Bd2 d3 39. Rc1 Ra3 40. Bxa5 Rxa4
41. Bd2 g5 42. g3 Ra2 43. Rd1 Kh7 44. Be3 Ra3 45. g4 Kg6 46. Kg2 f5 47. h3 f4
48. Bc5 Rb3 49. Kf3 Rc3 50. Bb6 Rb3 51. Bc5 Rb5 52. Ba3 d2 53. Bd6 Bc3 54. Ke4
Kf7 55. Kd3 Ba5 56. Kc2 Ke6 57. Bf8 Rc5+ 58. Bxc5 Kd5 59. Bf8 1-0

[Event "IMSA Basque w 2016"]
[Site "Huai'an CHN"]
[Date "2016.03.03"]
[Round "4.9"]
[White "Stefanova, Antoaneta"]
[Black "Zhao, Xue"]
[Result "1/2-1/2"]
[WhiteTitle "GM"]
[BlackTitle "GM"]
[WhiteElo "2509"]
[BlackElo "2506"]
[WhiteFideId "2902257"]
[BlackFideId "8601283"]
[EventDate "2016.03.02"]

1. g3 Nf6 2. Bg2 e5 3. e4 Bc5 4. Nc3 Nc6 5. d3 a6 6. Nd5 h6 7. Be3 d6 8. h3 Be6
9. Ne2 Qd7 10. Nxf6+ gxf6 11. d4 exd4 12. Nxd4 Ne5 13. Qh5 Bxd4 14. Bxd4 Qa4 15.
Qd1 O-O-O 16. f4 Rhg8 17. Kf2 f5 18. b3 Qa5 19. exf5 Bxf5 20. fxe5 dxe5 21. Qf3
exd4 22. Qxb7+ Kd7 23. Qc6+ Kc8 24. b4 Qb5 25. Qa8+ Kd7 26. Qf3 Be6 27. a3 Rg5
28. g4 h5 29. Qd3 Qb6 30. Rhd1 Ke7 31. Bf3 hxg4 32. hxg4 Qd6 33. Rh1 Qf4 34. Qe4
Qxe4 35. Bxe4 Rxg4 36. Bd3 Rf4+ 37. Kg3 Rf6 38. Rh4 Rg8+ 39. Kh2 Rf2+ 40. Kh1 f5
41. Re1 Kf6 42. Rh6+ Kg5 43. Rexe6 Kf4 44. Rh4+ Kg3 45. Reh6 Re8 46. Rh3+ Kf4
47. R6h4+ Kg5 48. Kg1 Rd2 49. Rh5+ Kg6 50. Bxf5+ Kf6 51. Bd3 Re1+ 52. Bf1 Rxc2
53. Rf3+ Kg6 54. Rc5 Rxc5 55. bxc5 Rc1 56. Rd3 Rxc5 57. Rxd4 a5 58. Kf2 Kf5 59.
Ke3 Ke5 60. Bc4 Kf6 61. Kd3 Ke7 62. Kc3 Rh5 63. Kb3 c6 64. Ka4 Re5 65. Bd3 Rg5
66. Kb3 Rh5 67. Kc4 Rg5 68. a4 Re5 69. Be4 c5 70. Rd5 Rxe4+ 71. Kb5 c4 72. Kxa5
c3 73. Rc5 Re3 74. Kb6 Kd7 75. a5 c2 76. Rxc2 Rb3+ 77. Ka7 Rb5 78. Ka6 Rb8 79.
Rc5 Rc8 80. Rb5 Kc7 81. Ka7 Rh8 82. Rc5+ Kd6 83. Rc1 Rh5 84. Kb6 Kd7 85. a6 Rh2
86. Rc4 Rb2+ 87. Ka5 Ra2+ 88. Kb6 Rb2+ 89. Ka7 Rb1 90. Rc5 Rb2 91. Ka8 Rb1 92.
Rc2 Rb3 93. Rc1 Rb6 94. Ka7 Rb2 95. Rh1 Rb3 96. Rh7+ Kc8 97. Rb7 Rc3 98. Rf7 Rb3
99. Rb7 Rc3 100. Kb6 Rb3+ 101. Ka7 Rc3 102. Ka8 Rc6 103. Ka7 Rc3 104. Rb4 Kc7
105. Ka8 Kc8 106. a7 Rc1 107. Rb2 Rc3 108. Rb7 Rc1 1/2-1/2

[Event "IMSA Basque w 2016"]
[Site "Huai'an CHN"]
[Date "2016.03.03"]
[Round "4.10"]
[White "Zhao, Xue"]
[Black "Stefanova, Antoaneta"]
[Result "1-0"]
[WhiteTitle "GM"]
[BlackTitle "GM"]
[WhiteElo "2506"]
[BlackElo "2509"]
[WhiteFideId "8601283"]
[BlackFideId "2902257"]
[EventDate "2016.03.02"]

1. d4 g6 2. c4 Bg7 3. Nf3 e6 4. Nc3 Ne7 5. h4 h6 6. Bf4 d6 7. Qd2 Nd7 8. O-O-O
b6 9. e4 Bb7 10. Be2 e5 11. Be3 Nc6 12. d5 Ne7 13. g4 a5 14. Ne1 Nc5 15. Nd3 a4
16. Kb1 Bc8 17. Rhg1 Bd7 18. Nb4 Qc8 19. Rdf1 Qb7 20. g5 hxg5 21. Bxg5 f6 22.
Be3 Rxh4 23. f4 exf4 24. Rxf4 Rxf4 25. Bxf4 f5 26. Bg5 Nxe4 27. Nxe4 fxe4 28.
Bxe7 Kxe7 29. Rxg6 Bf6 30. Rxf6 Kxf6 31. Qh6+ Ke7 32. Qg5+ Kf8 33. Qf6+ Kg8 34.
Qg6+ Kh8 35. Qf6+ Kg8 36. Qg6+ Kf8 37. Bh5 Be8 38. Qf6+ Kg8 39. Bg4 Bf7 40. Nc6
Re8 41. Qg5+ Kf8 42. Qh6+ Kg8 43. Bf5 e3 44. Bh7+ Kh8 45. Bg6+ Kg8 46. Qh7+ 1-0

[Event "IMSA Basque w 2016"]
[Site "Huai'an CHN"]
[Date "2016.03.03"]
[Round "4.11"]
[White "Lagno, Kateryna"]
[Black "Ju, Wenjun"]
[Result "1-0"]
[WhiteTitle "GM"]
[BlackTitle "GM"]
[WhiteElo "2529"]
[BlackElo "2558"]
[WhiteFideId "14109336"]
[BlackFideId "8603006"]
[EventDate "2016.03.02"]

1. e4 c5 2. Nf3 e6 3. d4 cxd4 4. Nxd4 a6 5. c4 d6 6. Nc3 Nf6 7. Be3 Be7 8. Be2
O-O 9. O-O Qc7 10. Qd2 Nbd7 11. a4 b6 12. b4 Bb7 13. f3 a5 14. Ncb5 Qb8 15. bxa5
Rxa5 16. Nb3 Ra6 17. a5 Nc5 18. Nxc5 bxc5 19. Rfb1 Qd8 20. Qc3 Nd7 21. Ra2 Bc6
22. Rd1 Qb8 23. Rad2 Bd8 24. Rxd6 Bxb5 25. Rxa6 Bxa6 26. Rxd7 Bf6 27. Qd2 Rc8
28. Qd6 Qb3 29. Qd3 Qb4 30. e5 Bxc4 31. Qd2 Bxe2 32. exf6 Qxd2 33. Rxd2 Bb5 34.
Rb2 Bd3 35. Bxc5 gxf6 36. Be3 Kg7 37. Rb6 Rc2 38. Rd6 Bc4 39. h4 Ra2 40. Rd4 Bd5
41. Rg4+ Kf8 42. Bc5+ Ke8 43. Rg8+ Kd7 44. Bb6 Ra4 45. h5 h6 46. Rh8 e5 47. Rxh6
e4 48. fxe4 Rxe4 49. Rxf6 Rg4 50. Rf2 Rh4 51. Rd2 Ke6 52. a6 Rxh5 53. a7 Rh8 54.
Bd4 Rg8 55. Rb2 Bc6 56. Kf1 Kd7 57. Be5 Rg5 58. Rd2+ Ke7 59. Rc2 Ba8 60. Bf4 Ra5
61. Be3 Ke6 62. Kf2 f5 63. g3 Ra3 64. Rb2 Be4 65. Rd2 Ra1 66. Bc5 Ra5 67. Bb6
Ra3 68. Rd8 Kf7 69. Rd4 Bc6 70. Rc4 Bd5 71. Rc5 Be4 72. Re5 Kf6 73. Bd4 Kg6 74.
g4 Ra2+ 75. Ke3 Ra3+ 76. Kf2 Ra2+ 77. Ke1 Ra4 78. gxf5+ Bxf5 79. Re8 1-0